Cross-Country Analysis on Neighboring Migration Policy by the Example of Finland and Russia

Migračný vplyv na kvalitatívne i kvantitatívne parametre ľudského kapitálu v prijímajúcej krajine. Výskum na základe ukazovateľocv OECD "Education at Glance" 2011; Štatistika Rusko; Ruská stratégia 2020 - nový model rastu; Národné fínske zákony 1994, 1999, 2003, 2004; Koncepcia štátnej migračnej pol...

Descrizione completa

Salvato in:
Dettagli Bibliografici
Autore principale: Pitukhina, Maria
Altri autori: Shabayeva, S., Přívara, Andrej, 1983-
Natura: Capitolo di libro
Lingua:inglese
Soggetti:
Tags: Aggiungi Tag
Nessun Tag, puoi essere il primo ad aggiungerne!!

MARC

LEADER 00000naa$a2200000$$$4500
001 0245521
005 20240502083654.6
041 0 |a eng 
044 |a LK 
245 1 0 |a Cross-Country Analysis on Neighboring Migration Policy by the Example of Finland and Russia  |c Maria Pitukhina, S. Shabayeva, Andrej Přívara 
520 |a Migračný vplyv na kvalitatívne i kvantitatívne parametre ľudského kapitálu v prijímajúcej krajine. Výskum na základe ukazovateľocv OECD "Education at Glance" 2011; Štatistika Rusko; Ruská stratégia 2020 - nový model rastu; Národné fínske zákony 1994, 1999, 2003, 2004; Koncepcia štátnej migračnej politiky v Rusku do roku 2025; EUROSTAT atď. 
610 2 0 |a vzdelávanie 
610 2 0 |a spoločnosť vedomostná 
610 2 0 |a multikulturalizmus 
610 2 0 |a migrácia 
610 2 0 |a práca v zahraničí 
610 2 0 |a kapitál ľudský 
610 2 0 |a politika migračná 
610 2 0 |a hospodárstvo otvorené 
610 2 0 |a vzdelanie odborné 
610 2 0 |a Rusko 
610 2 0 |a Fínsko 
610 2 0 |a regióny 
100 1 |a Pitukhina, Maria 
700 1 |a Shabayeva, S. 
700 1 |a Přívara, Andrej, 1983-